|
|
|
|
| LEADER |
01176nam a2200289 u 4500 |
| 001 |
10021786 |
| 003 |
upatras |
| 005 |
20240605140418.0 |
| 008 |
990505s us eng |
| 040 |
|
|
|a GR-PaULI
|c GR-PaULI
|
| 041 |
0 |
|
|a eng
|
| 082 |
0 |
4 |
|a 629.892
|
| 110 |
2 |
0 |
|a American National Standards Institute
|9 117505
|
| 245 |
1 |
0 |
|a Safety requirements
|c American National Standards Institute, Robotic Industries Association
|
| 260 |
|
|
|a Ann Arbor, MI
|b Robotic Industries Association
|c [s.t.]
|
| 300 |
|
|
|a ix, 72 p.
|c 28 cm.
|
| 500 |
|
|
|a American National Standards for industrial robots and robot systems
|
| 504 |
|
|
|a Includes annexes
|
| 650 |
|
4 |
|a Ρομποτική
|9 796
|
| 650 |
|
4 |
|a Πρότυπα
|9 1441
|
| 650 |
|
4 |
|9 143487
|a Ρομπότ, Βιομηχανικά
|
| 710 |
2 |
|
|a Robotic Industries Association
|9 146568
|
| 852 |
|
|
|a GR-PaULI
|b ΠΑΤΡΑ
|b ΒΚΠ
|b ΒΣ1
|k ΑΣΧΞ
|h 629.892 RIA
|m 042155
|p 025000053683
|t 1
|
| 942 |
|
|
|2 ddc
|c BK15
|
| 952 |
|
|
|0 0
|1 0
|4 0
|6 629_892000000000000_RIA
|7 0
|9 184829
|a LISP
|b LISP
|c BSC
|d 2016-04-24
|i 042155
|l 0
|o 629.892 RIA
|p 025000053683
|r 2016-04-24 00:00:00
|t 1
|w 2016-04-24
|y BK15
|
| 998 |
|
|
|c ΜΑΝΙΑΚΗ
|d 1999-05
|
| 999 |
|
|
|c 113905
|d 113905
|